US places named after non-US places - Sudden death - Statistics

General Stats
  • This quiz has been taken 145 times
  • The average score is 3 of 15
Answers on the Grid
Answers color-coded by a green-red scale on the quiz's grid according to % correct below.
Oran
Quito
Memphis
Montpelier
Grenoble
Budapest
Batavia
Baghdad
Timbuctoo
Palestine
Danzig
Khartoum
Nazareth
Persepolis
Cabool
Constantine
Luanda
Yerevan
Salzbourg
Batoomi
Bandung
Isfahan
Bologna
Bogota
Mesopotamia
Nancy
Monte Carlo
New Pekin
New Shanghai
Kathmandu
Dortmund
Lutetia
 
Answer Stats
Answer % Correct
Memphis
70%
Montpelier
53%
Palestine
35%
Nazareth
30%
Budapest
14%
Batavia
12%
Grenoble
12%
Baghdad
8%
Danzig
5%
New Pekin
3%
Oran
3%
Quito
3%
Timbuctoo
3%
Khartoum
2%
Cabool
1%
No matching quizzes found
Score Distribution
Percent of People with Each Score
Percentile by Number Answered
Your Score History
You have not taken this quiz